|
|
|
|
| LEADER |
00000cam a2200000 7i4500 |
| 001 |
0000002017 |
| 005 |
20020805.0 |
| 020 |
0 |
0 |
|a 9838120383
|
| 090 |
0 |
0 |
|a 597.96095983
|b STU 1999
|
| 100 |
1 |
0 |
|a STUEBING
|h Robert B.
|
| 245 |
1 |
2 |
|a A field guide to the snakes of Borneo
|c Robert B. Stuebing and Robert F. Inger with photographs by R. B. Stuebing ... (et al.) and illustrations by Tan Fui Lian
|
| 260 |
0 |
0 |
|a Kota Kinabalu, Sabah :
|b Natural History Pub. ,
|c 1999
|
| 300 |
|
|
|a v, 254 p. :
|b col. ill. ;
|c 23 cm.
|
| 500 |
0 |
0 |
|a Bibibliography : p. 241-242 and index
|
| 650 |
0 |
0 |
|a Snakes
|x Classification
|
| 650 |
0 |
0 |
|a Snakes
|z Borneo
|
| 700 |
0 |
1 |
|a Inger
|h Robert F.
|
| 700 |
0 |
1 |
|a Tan
|h Fui Lian
|
| 998 |
|
|
|a JPSM
|
| 999 |
|
|
|a 0000003335
|b Monograph
|c Open Shelf
|e Default branch
|